History Quiz

Random History or War Quiz
Score 0/75 Timer 15:00
0 Plays Today
% Correct
Representatives
89.6%
infamy
89.4%
Senate
88.7%
December
85%
December
85%
1941
84.3%
1941
84.3%
7th
83.3%
7th
83.3%
Speaker
75.7%
State
62.8%
state
62.8%
naval
62.7%
Hawaii
62.4%
peace
60.4%
war
57.8%
Navy
57.2%
Army
57%
people
54.1%
people
54.1%
days
52.1%
weeks
52%
Oahu
44.1%
ambassador
42.5%
Congress
42.2%
Guam
38.7%
negotiations
37.7%
regret
37.4%
threat
35.5%
ask
35.5%
Philippine
34%
bombing
33.9%
defense
31.9%
Midway
31.5%
hope
30.9%
safety
30.4%
opinions
29.9%
declare
29.4%
% Correct
emperor
29.1%
suddenly
27.8%
military
27.7%
Sunday
27.2%
armed
25.2%
grave
25%
Wake
24.8%
severe
23.2%
deceive
21.9%
statements
21.7%
offensive
20.7%
exist
19.2%
Honolulu
19%
Hong Kong
17%
San Francisco
17%
conversation
16.4%
invasion
16.2%
might
16.1%
absolute
15.7%
unprovoked
15.5%
useless
15.1%
torpedoed
15%
treachery
14.5%
confidence
14.2%
Malaya
14.2%
squadrons
13.8%
triumph
13.8%
recorded
12.6%
solicitation
12%
facts
12%
determination
11.9%
territory
11.5%
implications
11.4%
character
11.3%
uttermost
11%
endanger
10.9%
interests
10.7%
Remove Ads.
Support Sporcle.
Get the best of Sporcle when you Go Orange. This ad-free experience offers more features, more stats, and more fun while also helping to support Sporcle. Thank you for becoming a member.

You're not logged in!

Compare scores with friends on all Sporcle quizzes.
OR
Log In

Show Comments

Extras

Top Quizzes Today


Score Distribution

Your Account Isn't Verified!

In order to create a playlist on Sporcle, you need to verify the email address you used during registration. Go to your Sporcle Settings to finish the process.

Report this User

Report this user for behavior that violates our Community Guidelines.

Details: